ბათუმის შოთა რუსთაველის სახელმწიფო უნივერსიტეტის ბიბლიოთეკა

Древнее искусство греческих островов Эгейского моря / (ბიბ.ჩანაწერი № 61455)

000 -LEADER
fixed length control field 00698nam a22001697a 4500
005 - DATE AND TIME OF LATEST TRANSACTION
control field 20240315112840.0
008 - FIXED-LENGTH DATA ELEMENTS--GENERAL INFORMATION
fixed length control field 240315s1990 ru ||||| |||| 00| 0 rus d
041 ## - LANGUAGE CODE
Language code of text/sound track or separate title rus
080 ## - UNIVERSAL DECIMAL CLASSIFICATION NUMBER
Universal Decimal Classification number 7(38) Д-72
245 ## - TITLE STATEMENT
Title Древнее искусство греческих островов Эгейского моря /
Remainder of title Греческая Республика : каталог выставки.
264 ## - PRODUCTION, PUBLICATION, DISTRIBUTION, MANUFACTURE, AND COPYRIGHT NOTICE
Place of production, publication, distribution, manufacture Москва :
Name of producer, publisher, distributor, manufacturer Внешторгиздат,
Date of production, publication, distribution, manufacture, or copyright notice 1990.
300 ## - PHYSICAL DESCRIPTION
Extent 111 с. :
Other physical details ил. ;
Dimensions 30 см.
653 ## - INDEX TERM--UNCONTROLLED
keyword არქეოლოგიური ძეგლები
653 ## - INDEX TERM--UNCONTROLLED
keyword საბერძნეთი
653 ## - INDEX TERM--UNCONTROLLED
keyword გამოფენები
942 ## - ADDED ENTRY ELEMENTS (KOHA)
Source of classification or shelving scheme
Koha item type წიგნი
ეგზემპლარები
Withdrawn status Lost status Source of classification or shelving scheme Damaged status Not for loan Permanent Location Current Location Shelving location Date acquired Cost, normal purchase price Full call number Barcode Date last seen Copy number Uniform Resource Identifier Price effective from Koha item type Public note
          ბათუმის შოთა რუსთაველის სახელმწიფო უნივერსიტეტის მთავარი ბიბლიოთეკა ბათუმის შოთა რუსთაველის სახელმწიფო უნივერსიტეტის მთავარი ბიბლიოთეკა წიგნსაცავი 2024-03-15 10.00 7(38) Д-72 65797 2024-03-15 65797 ბსუ-ს საპატიო დოქტორის გურამ ლორთქიფანიძის საჩუქარი 2024-03-15 წიგნი 10 ლ.